| 000 | 00430nam a2200145 a 4500 | ||
|---|---|---|---|
| 001 | 4236 | ||
| 003 | CDMR | ||
| 005 | 20130508141007.0 | ||
| 008 | 130130s1979||||||||||||||||||||||||||||d | ||
| 040 |
_aCDMR _bcat _cCDMR |
||
| 245 | 0 |
_aComunication indicators _b: [vol.] I : Comunication indicators and indicators of socio-economic development |
|
| 260 |
_aParis _c1979 _bUnesco |
||
| 490 | 0 |
_aCommunication and society _v3 |
|
| 942 |
_cMON _2udc |
||
| 999 |
_c4236 _d4236 |
||